Oeuvres completes de J. Domat.
Gespeichert in:
| Format: | Buch |
|---|---|
| Sprache: | Französisch |
| Veröffentlicht: |
París, Francia
Alex-Gobelet Libraire
1835
|
| Schlagworte: | |
| Tags: |
Tag hinzufügen
Keine Tags, Fügen Sie den ersten Tag hinzu!
|
MARC
| LEADER | 00000nam a2200000 a 4500 | ||
|---|---|---|---|
| 001 | UCR3619 | ||
| 003 | CL-VaPUC | ||
| 005 | 20220702184345.0 | ||
| 008 | 980128e18350000FR |||||||||||||||||fre|d | ||
| 999 | |c 266672 |d 266670 | ||
| 040 | |c Pontificia Universidad Católica de Valparaíso | ||
| 082 | 0 | 4 | |a 340.2 OEU 1835 |2 21 |
| 245 | 1 | 0 | |a Oeuvres completes de J. Domat. |
| 260 | 0 | 3 | |a París, Francia |b Alex-Gobelet Libraire |c 1835 |
| 300 | |a 4 volúmenes. | ||
| 583 | |a last modification |c 19980128 00:00:00 |k Rodrigo Vera | ||
| 600 | 0 | |a Domat, Jean |9 400970 | |
| 650 | 7 | |a DERECHO |2 CL-VaPUC |9 402636 | |
| 650 | 0 | |a Derecho civil |9 255013 | |
| 650 | 7 | |a DERECHO PENAL |2 CL-VaPUC |9 11 | |
| 650 | 0 | |a Delitos |9 224143 | |
| 650 | 0 | |a Derecho sucesorio |9 255015 | |
| 650 | 0 | |a Personas |9 255751 | |
| 650 | 0 | |a Sociedades |9 259052 | |
| 650 | 0 | |a Abogados |9 256284 | |
| 650 | 0 | |a Notarios |9 254869 | |
| 650 | 0 | |a Derecho comercial |9 256340 | |
| 650 | 0 | |a Código civil |9 256135 | |
| 650 | 0 | |a Códigos |9 352314 | |
| 942 | |c BK |2 ddc | ||
| 945 | |d 19980128 00:00:00 |a crobeson | ||
| 952 | |0 0 |1 0 |4 0 |6 340_200000000000000_OEU_1835 |7 0 |8 DER_HIS |9 298461 |a BIBDER |b BIBDER |d 2019-11-20 |h v.1 |i 1947613 |o 340.2 OEU 1835 |p 1947613 |r 2019-11-20 |t 1 |w 2019-11-20 |x Ubicación 4to Piso |y BK_X |z Estos recursos deben solicitarse con anticipación |k DER | ||
| 952 | |0 0 |1 0 |4 0 |6 340_200000000000000_OEU_1835 |7 0 |8 DER_HIS |9 298462 |a BIBDER |b BIBDER |d 2019-11-20 |h v.2 |i 1947648 |o 340.2 OEU 1835 |p 1947648 |r 2023-01-25 |t 1 |w 2019-11-20 |x Ubicación 4to Piso |y BK_X |z Estos recursos deben solicitarse con anticipación |k DER | ||
| 952 | |0 0 |1 0 |4 0 |6 340_200000000000000_OEU_1835 |7 0 |8 DER_HIS |9 298463 |a BIBDER |b BIBDER |d 2019-11-20 |h v.3 |i 1947605 |o 340.2 OEU 1835 |p 1947605 |r 2023-01-25 |t 1 |w 2019-11-20 |x Ubicación 4to Piso |y BK_X |z Estos recursos deben solicitarse con anticipación |k DER | ||
| 952 | |0 0 |1 0 |4 0 |6 340_200000000000000_OEU_1835 |7 0 |8 DER_HIS |9 298464 |a BIBDER |b BIBDER |d 2019-11-20 |h v.4 |i 194763K |o 340.2 OEU 1835 |p 194763K |r 2023-01-25 |t 1 |w 2019-11-20 |x Ubicación 4to Piso |y BK_X |z Estos recursos deben solicitarse con anticipación |k DER | ||